[Event "ODJM B 2018"]
[Site "Willingen GER"]
[Date "2018.05.26"]
[Round "9"]
[White "Werner, Tom"]
[Black "Weimert, Miriam"]
[Result "0-1"]
[Termination "normal"]
[Board "12"]
[WhiteElo "1615"]
[BlackElo "1797"]
[WhiteClock "00:28:33"]
[BlackClock "00:22:34"]
[PlyCount "94"]
[WhiteFideId "16223756"]
[BlackFideId "12966703"]
[EventCountry "GER"]
[EventRounds "9"]
[EventType "swiss"]
[EventDate "2018.05.19"]

1. c4 {[%clk 1:30:58]} 1... e5 {[%clk 1:30:39]} 2. Nc3 {[%clk 1:31:14]} 2... f5
{[%clk 1:30:41]} 3. e3 {[%clk 1:31:24]} 3... Nc6 {[%clk 1:30:08]} 4. d4 { [%clk
1:30:25]} 4... e4 {[%clk 1:28:13]} 5. Nge2 {[%clk 1:27:09]} 5... Nf6 { [%clk
1:26:03]} 6. g3 {[%clk 1:25:51]} 6... g6 {[%clk 1:26:13]} 7. Bg2 { [%clk
1:24:54]} 7... Bg7 {[%clk 1:23:41]} 8. O-O {[%clk 1:24:09]} 8... O-O { [%clk
1:23:03]} 9. a3 {[%clk 1:18:13]} 9... a5 {[%clk 1:20:25]} 10. f3 { [%clk
1:14:40]} 10... exf3 {[%clk 1:17:30]} 11. Bxf3 {[%clk 1:14:24]} 11... d6 {[%clk
1:11:02]} 12. Nf4 {[%clk 1:02:24]} 12... Ne7 {[%clk 1:03:10]} 13. Rb1 { [%clk
0:52:05]} 13... Rb8 {[%clk 0:52:50]} 14. b4 {[%clk 0:49:56]} 14... axb4 { [%clk
0:49:47]} 15. axb4 {[%clk 0:47:21]} 15... c6 {[%clk 0:39:52]} 16. d5 { [%clk
0:36:33]} 16... g5 {[%clk 0:31:32]} 17. Nfe2 {[%clk 0:34:33]} 17... cxd5 {[%clk
0:26:39]} 18. Nxd5 {[%clk 0:31:08]} 18... Be6 {[%clk 0:24:41]} 19. Nec3 {[%clk
0:28:28]} 19... Ng6 {[%clk 0:20:34]} 20. Nxf6+ {[%clk 0:22:38]} 20... Bxf6
{[%clk 0:20:45]} 21. Nd5 {[%clk 0:21:13]} 21... Bg7 {[%clk 0:21:01]} 22. Be2
{[%clk 0:19:04]} 22... Ne5 {[%clk 0:19:29]} 23. Bb2 {[%clk 0:18:14]} 23... Rc8
{[%clk 0:18:13]} 24. Bxe5 {[%clk 0:16:47]} 24... Bxe5 {[%clk 0:18:06]} 25. Bd3
{[%clk 0:14:27]} 25... Bxd5 {[%clk 0:15:44]} 26. cxd5 {[%clk 0:14:41]} 26...
Qb6 {[%clk 0:15:48]} 27. Re1 {[%clk 0:11:59]} 27... Rc7 {[%clk 0:14:59]} 28.
Kh1 {[%clk 0:10:38]} 28... Rg7 {[%clk 0:14:03]} 29. Qf3 {[%clk 0:09:48]} 29...
f4 {[%clk 0:12:44]} 30. gxf4 {[%clk 0:08:29]} 30... gxf4 {[%clk 0:12:38]} 31.
Rg1 {[%clk 0:06:38]} 31... Qxe3 {[%clk 0:09:59]} 32. Rxg7+ {[%clk 0:05:45]}
32... Bxg7 {[%clk 0:10:19]} 33. Qe4 {[%clk 0:04:17]} 33... Qxe4+ { [%clk
0:09:43]} 34. Bxe4 {[%clk 0:04:46]} 34... f3 {[%clk 0:08:33]} 35. Kg1 { [%clk
0:03:19]} 35... Bd4+ {[%clk 0:08:34]} 36. Kf1 {[%clk 0:03:21]} 36... Rf4 {[%clk
0:08:25]} 37. Bd3 {[%clk 0:02:42]} 37... Rh4 {[%clk 0:06:34]} 38. Ke1 { [%clk
0:01:19]} 38... Rxh2 {[%clk 0:06:36]} 39. Rc1 {[%clk 0:00:56]} 39... Rh1+
{[%clk 0:06:34]} 40. Bf1 {[%clk 0:01:14]} 40... h5 {[%clk 0:03:42]} 41. Rc8+ {
[%clk 0:00:31]} 41... Kg7 {[%clk 0:02:05]} 42. Rc7+ {[%clk 0:00:49]} 42... Kf6
{[%clk 0:02:24]} 43. Rxb7 {[%clk 0:01:07]} 43... Ke5 {[%clk 0:28:42]} 44. b5 {
[%clk 0:29:27]} 44... Kxd5 {[%clk 0:27:56]} 45. Rc7 {[%clk 0:29:30]} 45... h4 {
[%clk 0:23:23]} 46. Rc2 {[%clk 0:29:12]} 46... h3 {[%clk 0:22:43]} 47. Rd2 {
[%clk 0:28:33]} 47... h2 {[%clk 0:22:34]} 0-1

[Event "ODJM B 2018"]
[Site "Willingen GER"]
[Date "2018.05.26"]
[Round "9"]
[White "Hoppe, Nico"]
[Black "Arnold, Leander"]
[Result "1/2-1/2"]
[Termination "normal"]
[Board "14"]
[WhiteElo "1612"]
[BlackElo "1808"]
[PlyCount "57"]
[WhiteFideId "16225520"]
[BlackFideId "12990230"]
[EventCountry "GER"]
[EventRounds "9"]
[EventType "swiss"]
[EventDate "2018.05.19"]

1. b3 Nf6 2. Bb2 g6 3. g3 Bg7 4. Bg2 O-O 5. Nf3 d6 6. O-O e5 7. d3 Nc6 8. e4
Nd7 9. Nc3 f5 10. exf5 gxf5 11. Nd2 Nf6 12. Nd5 Be6 13. Nxf6+ Qxf6 14. f4 Qh6
15. Qe1 Rae8 16. Qd1 Bf7 17. Nc4 d5 18. Nxe5 Nxe5 19. fxe5 Bxe5 20. Bxe5 Qe3+
21. Rf2 Rxe5 22. d4 Re7 23. Qd2 Qxd2 24. Rxd2 c6 25. Rf1 Bg6 26. Bh3 Re4 27.
Bg2 Re7 28. Bh3 Re4 29. Bg2 1/2-1/2

[Event "ODJM B 2018"]
[Site "Willingen GER"]
[Date "2018.05.26"]
[Round "9"]
[White "Zieringer, Sebastian"]
[Black "Knerr, Sebastian"]
[Result "1-0"]
[Termination "normal"]
[Board "15"]
[WhiteElo "1751"]
[BlackElo "1742"]
[PlyCount "53"]
[WhiteFideId "16222008"]
[BlackFideId "16266013"]
[EventCountry "GER"]
[EventRounds "9"]
[EventType "swiss"]
[EventDate "2018.05.19"]

1. e4 e5 2. Nf3 Nf6 3. Nxe5 d6 4. Nxf7 Kxf7 5. d4 Be7 6. Nc3 Be6 7. f4 Re8 8.
Bd3 Kg8 9. e5 Bg4 10. Qd2 dxe5 11. dxe5 Bb4 12. Bc4+ Kh8 13. Qxd8 Rxd8 14. O-O
Bxc3 15. bxc3 Ne4 16. h3 Bh5 17. g4 Be8 18. f5 Nxc3 19. f6 gxf6 20. exf6 Nd5
21. f7 Bxf7 22. Rxf7 Nb6 23. Bb2+ Kg8 24. Rg7+ Kf8 25. Rf1+ Ke8 26. Re1+ Kf8
27. Rg8# 1-0

[Event "ODJM B 2018"]
[Site "Willingen GER"]
[Date "2018.05.26"]
[Round "9"]
[White "Jenner, Meikel"]
[Black "Leßmann, Sönke"]
[Result "0-1"]
[Termination "normal"]
[Board "16"]
[WhiteElo "1679"]
[BlackElo "1656"]
[PlyCount "56"]
[WhiteFideId "16245342"]
[BlackFideId "16222520"]
[EventCountry "GER"]
[EventRounds "9"]
[EventType "swiss"]
[EventDate "2018.05.19"]

1. e4 e5 2. Nf3 Nc6 3. Bc4 Bc5 4. c3 Nf6 5. d3 a6 6. Bb3 O-O 7. O-O d6 8. h3 h6
9. Nbd2 Nh7 10. Re1 Kh8 11. Nf1 f5 12. exf5 Bxf5 13. Ng3 Qd7 14. Bc2 Ne7 15.
Be3 Bxe3 16. Rxe3 Nd5 17. Nxf5 Rxf5 18. Re1 Raf8 19. Nh4 Rg5 20. Nf3 Rxg2+ 21.
Kxg2 Nf4+ 22. Kg1 Qxh3 23. Nh4 Qxh4 24. Re3 Nh3+ 25. Rxh3 Qxh3 26. Qf1 Qf5 27.
Qe2 Ng5 28. Qe3 Qg4+ 0-1

[Event "ODJM B 2018"]
[Site "Willingen GER"]
[Date "2018.05.26"]
[Round "9"]
[White "Schneider, Edward"]
[Black "Schmidt, Arne"]
[Result "1-0"]
[Termination "normal"]
[Board "17"]
[WhiteElo "1768"]
[BlackElo "1727"]
[PlyCount "69"]
[WhiteFideId "16200870"]
[BlackFideId "16263154"]
[EventCountry "GER"]
[EventRounds "9"]
[EventType "swiss"]
[EventDate "2018.05.19"]

1. e4 c5 2. Nf3 Nc6 3. d4 cxd4 4. Nxd4 e5 5. Nb5 d6 6. N1c3 a6 7. Na3 Nf6 8.
Bg5 h6 9. Bh4 Be7 10. Bxf6 Bxf6 11. Nd5 Be7 12. c3 Be6 13. Nc2 O-O 14. Be2 Re8
15. O-O Bf8 16. Nce3 Ne7 17. Qd2 Nxd5 18. Nxd5 Qa5 19. Bc4 Rec8 20. Bb3 Qc5 21.
Kh1 a5 22. a4 Rcb8 23. f4 b5 24. f5 Bxd5 25. Bxd5 Ra7 26. f6 g6 27. axb5 Rxb5
28. b3 Rc7 29. Rf3 Qb6 30. Rh3 Qb8 31. Rf1 Ra7 32. Rxh6 Bxh6 33. Qxh6 Qf8 34.
Qxg6+ Kh8 35. Qh5+ 1-0

[Event "ODJM B 2018"]
[Site "Willingen GER"]
[Date "2018.05.26"]
[Round "9"]
[White "von Rosen, Jakob"]
[Black "Kolb, Tobias"]
[Result "1/2-1/2"]
[Termination "normal"]
[Board "18"]
[WhiteElo "1700"]
[BlackElo "1740"]
[PlyCount "63"]
[WhiteFideId "12982989"]
[BlackFideId "12992321"]
[EventCountry "GER"]
[EventRounds "9"]
[EventType "swiss"]
[EventDate "2018.05.19"]

1. e4 c6 2. d4 d5 3. Nc3 dxe4 4. Nxe4 Bf5 5. Ng3 Bg6 6. h4 h6 7. Nf3 Nf6 8. h5
Bh7 9. Bd3 Bxd3 10. Qxd3 Nbd7 11. Bf4 e6 12. O-O-O Nd5 13. Bd2 a5 14. Kb1 Nb4
15. Qe2 Nb6 16. a3 N4d5 17. Ne5 Qc7 18. Rhe1 Ra6 19. f4 Na4 20. Ka1 Qb6 21. Rb1
Bxa3 22. Nc4 Bxb2+ 23. Nxb2 Qxd4 24. Qe5 Qxd2 25. Nxa4 O-O 26. Re2 Qxf4 27.
Qxf4 Nxf4 28. Rf2 e5 29. Rxb7 Raa8 30. Nb6 Rab8 31. Rxb8 Rxb8 32. Nd7 1/2-1/2

[Event "ODJM B 2018"]
[Site "Willingen GER"]
[Date "2018.05.26"]
[Round "9"]
[White "Uhlendorff, Luca"]
[Black "Matthes, Benjamin"]
[Result "0-1"]
[Termination "normal"]
[Board "19"]
[WhiteElo "1590"]
[BlackElo "1829"]
[PlyCount "56"]
[WhiteFideId "16221923"]
[BlackFideId "16227298"]
[EventCountry "GER"]
[EventRounds "9"]
[EventType "swiss"]
[EventDate "2018.05.19"]

1. e4 c5 2. Nf3 Nc6 3. Bc4 d6 4. O-O g6 5. d3 Bg7 6. c3 Nf6 7. Nbd2 Bg4 8. h3
Bxf3 9. Nxf3 O-O 10. a4 Qc7 11. Be3 a6 12. Nh2 Rab8 13. f4 e6 14. Ng4 b5 15.
axb5 axb5 16. Ba2 b4 17. Rc1 bxc3 18. bxc3 Nxg4 19. Qxg4 Qa5 20. Bc4 Bxc3 21.
Rxc3 Qxc3 22. f5 exf5 23. exf5 Ne5 24. Qh4 Nxc4 25. f6 Qxd3 26. Rf3 Qd1+ 27.
Kh2 Qxf3 28. gxf3 Nxe3 0-1

[Event "ODJM B 2018"]
[Site "Willingen GER"]
[Date "2018.05.26"]
[Round "9"]
[White "Reyher, Susan"]
[Black "Rothenberg, Nina"]
[Result "1/2-1/2"]
[Termination "normal"]
[Board "20"]
[WhiteElo "1759"]
[BlackElo "1678"]
[PlyCount "54"]
[WhiteFideId "24686107"]
[BlackFideId "16208943"]
[EventCountry "GER"]
[EventRounds "9"]
[EventType "swiss"]
[EventDate "2018.05.19"]

1. e4 d5 2. exd5 Nf6 3. Nc3 Nxd5 4. Nxd5 Qxd5 5. d4 Nc6 6. Be3 Bf5 7. Qd2 e6 8.
c3 a5 9. Ne2 h6 10. Nf4 Qd7 11. Bb5 g5 12. d5 gxf4 13. dxc6 bxc6 14. Qxd7+ Kxd7
15. Bd4 Rg8 16. Bf1 Rb8 17. O-O-O Ke8 18. Be5 Bd6 19. Bxd6 cxd6 20. Rxd6 Be4
21. Rd4 Bxg2 22. Bxg2 Rxg2 23. Rxf4 Ke7 24. h3 Rbg8 25. Rf1 Rh2 26. Rh4 Rg6 27.
Kc2 Rf6 1/2-1/2

[Event "ODJM B 2018"]
[Site "Willingen GER"]
[Date "2018.05.26"]
[Round "9"]
[White "Plum, Paul"]
[Black "Straßburg, Robin Leonard"]
[Result "0-1"]
[Termination "normal"]
[Board "22"]
[WhiteElo "1601"]
[BlackElo "1732"]
[PlyCount "104"]
[WhiteFideId "16225678"]
[BlackFideId "16210018"]
[EventCountry "GER"]
[EventRounds "9"]
[EventType "swiss"]
[EventDate "2018.05.19"]

1. c4 e5 2. g3 Nc6 3. Bg2 g6 4. Nc3 Bg7 5. e3 Nge7 6. Nge2 d6 7. a3 f5 8. b4 e4
9. Nf4 O-O 10. Bb2 Ne5 11. O-O g5 12. d4 gxf4 13. dxe5 f3 14. Bh3 Bxe5 15. Re1
Be6 16. Bf1 Ng6 17. Rb1 h5 18. Nd5 h4 19. Bxe5 Nxe5 20. Nf4 Bf7 21. Bh3 Qg5 22.
c5 Rfd8 23. Qd4 Ng6 24. Red1 hxg3 25. fxg3 dxc5 26. Qxc5 Rxd1+ 27. Rxd1 Nxf4
28. exf4 Qh5 29. Rd7 Qxh3 30. Qf2 Re8 31. Rd1 Bh5 32. Qa2+ Kf8 33. Qb2 f2+ 34.
Qxf2 Bxd1 35. Qc5+ Re7 36. Qd5 Qh5 37. Qd8+ Qe8 38. Qxd1 e3 39. Qa1 Qf7 40.
Qh8+ Qg8 41. Qf6+ Ke8 42. Qxf5 Qe6 43. Qb5+ Qc6 44. Qh5+ Kd8 45. Qh8+ Re8 46.
Qh4+ Kc8 47. Qg4+ Kb8 48. Qe2 Qc1+ 49. Kg2 Qxa3 50. Qh5 Qa4 51. b5 Qc2+ 52. Kh3
Qe4 0-1

[Event "ODJM B 2018"]
[Site "Willingen GER"]
[Date "2018.05.26"]
[Round "9"]
[White "Grob, Marvin"]
[Black "Zha, Kevin"]
[Result "1/2-1/2"]
[Termination "normal"]
[Board "23"]
[WhiteElo "1774"]
[BlackElo "1596"]
[PlyCount "62"]
[WhiteFideId "16247817"]
[BlackFideId "16208951"]
[EventCountry "GER"]
[EventRounds "9"]
[EventType "swiss"]
[EventDate "2018.05.19"]

1. e4 g6 2. d4 Bg7 3. Nf3 d6 4. Nc3 Nf6 5. Be3 O-O 6. Qd2 c6 7. O-O-O b5 8. Bd3
Nbd7 9. h4 Ng4 10. h5 Nxe3 11. Qxe3 Qb6 12. hxg6 fxg6 13. Qg5 e5 14. Qh4 h6 15.
Qg4 Rf6 16. dxe5 Nxe5 17. Qg3 Nxf3 18. gxf3 b4 19. Ne2 Ba6 20. Rhg1 c5 21. e5
dxe5 22. Qxe5 Raf8 23. Kb1 Kh8 24. Bxa6 Qxa6 25. Ng3 c4 26. Nh5 gxh5 27. Rd7
Rg6 28. Rxg7 Rxg1+ 29. Rxg1+ Qf6 30. Qxh5 Rd8 31. Re1 Kh7 1/2-1/2

[Event "ODJM B 2018"]
[Site "Willingen GER"]
[Date "2018.05.26"]
[Round "9"]
[White "Waligora, Franciszek"]
[Black "Bilecen, Simon"]
[Result "0-1"]
[Termination "normal"]
[Board "24"]
[WhiteElo "1374"]
[BlackElo "1580"]
[PlyCount "98"]
[WhiteFideId "4005120"]
[BlackFideId "16225511"]
[EventCountry "GER"]
[EventRounds "9"]
[EventType "swiss"]
[EventDate "2018.05.19"]

1. e4 c5 2. Nf3 Nc6 3. d4 cxd4 4. Nxd4 Qb6 5. Nb3 Nf6 6. Nc3 e6 7. Be3 Qc7 8.
Bd3 Bb4 9. O-O Ne5 10. Nb5 Qd8 11. a3 Be7 12. h3 a6 13. Nc3 Nxd3 14. Qxd3 d6
15. Na4 Nd7 16. Nd2 O-O 17. Rad1 b5 18. Nc3 Bb7 19. f3 Ne5 20. Qe2 Rc8 21. Bd4
Nc6 22. Bf2 Bf6 23. Qd3 Qc7 24. Bg3 Ne5 25. Qe3 Rfd8 26. Rf2 d5 27. exd5 exd5
28. Nb3 Qd6 29. Qe2 Qe6 30. Nd4 Qe7 31. f4 Nc4 32. Qxe7 Bxe7 33. Rb1 Bc5 34.
Nce2 Re8 35. c3 Re3 36. Nb3 Bb6 37. Kf1 a5 38. Ke1 Rce8 39. Bh2 R3e4 40. Nbd4
Bxd4 41. cxd4 Rxd4 42. f5 Rde4 43. Kd1 d4 44. g4 d3 45. g5 Rxe2 46. Rxe2 Rxe2
47. Bf4 Bf3 48. h4 Re3+ 49. Kc1 Re1# 0-1

[Event "ODJM B 2018"]
[Site "Willingen GER"]
[Date "2018.05.26"]
[Round "9"]
[White "Limberg, Thomas"]
[Black "Stülcken, Philipp"]
[Result "1-0"]
[Termination "normal"]
[Board "25"]
[WhiteElo "1647"]
[BlackElo "1399"]
[PlyCount "83"]
[WhiteFideId "16226755"]
[BlackFideId "12986232"]
[EventCountry "GER"]
[EventRounds "9"]
[EventType "swiss"]
[EventDate "2018.05.19"]

1. d4 Nf6 2. c4 e6 3. Nf3 d5 4. g3 Bb4+ 5. Bd2 Bxd2+ 6. Nbxd2 Nbd7 7. Bg2 O-O
8. O-O b6 9. cxd5 exd5 10. b4 a6 11. Ne5 Bb7 12. Ndf3 Nxe5 13. Nxe5 Nd7 14. Qb3
Nxe5 15. dxe5 Re8 16. f4 Qd7 17. Rad1 c6 18. Rd2 Qe6 19. e4 dxe4 20. Qxe6 fxe6
21. Bxe4 Rad8 22. Rfd1 Rxd2 23. Rxd2 Kf7 24. Rd6 Re7 25. Bxc6 Bxc6 26. Rxc6 Rb7
27. Kf2 Ke7 28. Ke3 a5 29. b5 g6 30. Rd6 h5 31. Kd4 Rb8 32. h3 h4 33. g4 Rg8
34. Ke4 Rb8 35. f5 gxf5+ 36. gxf5 exf5+ 37. Kxf5 Rf8+ 38. Rf6 Rg8 39. Rxb6 Rg3
40. Rh6 Rxh3 41. b6 Kd8 42. Rh8+ 1-0

[Event "ODJM B 2018"]
[Site "Willingen GER"]
[Date "2018.05.26"]
[Round "9"]
[White "Wastian, Mareike"]
[Black "Mainka, Irmin"]
[Result "1-0"]
[Termination "normal"]
[Board "26"]
[WhiteElo "1535"]
[BlackElo "1415"]
[PlyCount "77"]
[WhiteFideId "12947423"]
[BlackFideId "16248457"]
[EventCountry "GER"]
[EventRounds "9"]
[EventType "swiss"]
[EventDate "2018.05.19"]

1. e4 e5 2. Nf3 Nc6 3. c3 Nf6 4. d4 exd4 5. e5 Nd5 6. cxd4 d6 7. Bb5 Bd7 8. Qb3
Nb6 9. O-O Be7 10. Nc3 O-O 11. Bd3 dxe5 12. dxe5 Bg4 13. Rd1 Nd4 14. Nxd4 Bxd1
15. Qxd1 Bc5 16. Nf3 Nd7 17. Bf4 c6 18. Qc2 h6 19. Rd1 Qe7 20. Re1 Rae8 21. a3
Qe6 22. Bf5 Qc4 23. Re4 Qa6 24. Bxd7 Rd8 25. e6 fxe6 26. Bxe6+ Kh8 27. Bc7 Qd3
28. Qb3 Rxf3 29. gxf3 Qxf3 30. Bg3 Rd2 31. Re2 Rxe2 32. Nxe2 Qxe2 33. Bh3 Qe1+
34. Bf1 Qe7 35. Qd3 Qf6 36. Qe2 Qg6 37. Qe5 b6 38. Qc7 Qh5 39. Qd8+ 1-0

[Event "ODJM B 2018"]
[Site "Willingen GER"]
[Date "2018.05.26"]
[Round "9"]
[White "Wichert, Eddi"]
[Black "Celik, Cem"]
[Result "1-0"]
[Termination "normal"]
[Board "27"]
[WhiteElo "1599"]
[BlackElo "1800"]
[PlyCount "55"]
[WhiteFideId "16266048"]
[BlackFideId "16206673"]
[EventCountry "GER"]
[EventRounds "9"]
[EventType "swiss"]
[EventDate "2018.05.19"]

1. e4 e5 2. Nf3 d5 3. d4 dxe4 4. Nxe5 Bd6 5. f4 Nc6 6. Be3 Bf5 7. Bb5 a6 8.
Bxc6+ bxc6 9. Nc3 Bxe5 10. dxe5 Qxd1+ 11. Rxd1 Ne7 12. Kf2 O-O 13. h3 h5 14.
Rdg1 h4 15. Bc5 Rfe8 16. Bxe7 Rxe7 17. g4 hxg3+ 18. Rxg3 Rd8 19. Ke3 Red7 20.
Rhg1 g6 21. Nxe4 Rd1 22. h4 Rxg1 23. Rxg1 Bxe4 24. Kxe4 Rd2 25. h5 Kg7 26. Ke3
Rxc2 27. f5 Rxb2 28. hxg6 1-0

[Event "ODJM B 2018"]
[Site "Willingen GER"]
[Date "2018.05.26"]
[Round "9"]
[White "Poggemann, Alexander"]
[Black "Fromm, Johannes"]
[Result "0-1"]
[Termination "normal"]
[Board "28"]
[WhiteElo "1519"]
[BlackElo "1705"]
[PlyCount "40"]
[WhiteFideId "16224167"]
[BlackFideId "12993204"]
[EventCountry "GER"]
[EventRounds "9"]
[EventType "swiss"]
[EventDate "2018.05.19"]

1. e4 Nc6 2. Nf3 d5 3. exd5 Qxd5 4. Nc3 Qa5 5. Bc4 Bg4 6. d3 e6 7. Bd2 O-O-O 8.
O-O Qh5 9. h3 Bxf3 10. Qxf3 Qxf3 11. gxf3 Nd4 12. Be3 Nxc2 13. Rac1 Nd4 14.
Bxd4 Rxd4 15. Nb5 Rh4 16. Bxe6+ fxe6 17. Rxc7+ Kb8 18. Rfc1 Ne7 19. Rd7 Nc6 20.
Nxa7 Ne5 0-1

[Event "ODJM B 2018"]
[Site "Willingen GER"]
[Date "2018.05.26"]
[Round "9"]
[White "von der Weyden, Louis"]
[Black "Kublanov, Carolin"]
[Result "1/2-1/2"]
[Termination "normal"]
[Board "29"]
[WhiteElo "1504"]
[BlackElo "1750"]
[PlyCount "66"]
[WhiteFideId "16207050"]
[BlackFideId "12944548"]
[EventCountry "GER"]
[EventRounds "9"]
[EventType "swiss"]
[EventDate "2018.05.19"]

1. c4 e6 2. e4 Nc6 3. Nc3 Nf6 4. g3 e5 5. Bg2 a6 6. Nge2 Bc5 7. d3 d6 8. O-O
Bg4 9. h3 Be6 10. Kh2 Qd7 11. f4 Qc8 12. Nd5 h5 13. Nxf6+ gxf6 14. f5 Bd7 15.
Nc3 Qd8 16. Bf3 h4 17. gxh4 Rxh4 18. Bh5 Nb4 19. Kg2 Rxh5 20. Qxh5 Ke7 21. Kf3
c6 22. Ke2 Qg8 23. Kd2 Qg2+ 24. Qe2 Qxh3 25. a3 Rg8 26. Rf3 Qh6+ 27. Kd1 Rg1+
28. Rf1 Qh1 29. Rxg1 Qxg1+ 30. Kd2 Qg5+ 31. Kd1 Qg1+ 32. Kd2 Qg5+ 33. Kd1 Qg1+
1/2-1/2

[Event "ODJM B 2018"]
[Site "Willingen GER"]
[Date "2018.05.26"]
[Round "9"]
[White "Laag, Pascal"]
[Black "Mainka, Alwin"]
[Result "1/2-1/2"]
[Termination "normal"]
[Board "30"]
[WhiteElo "1743"]
[BlackElo "1608"]
[PlyCount "72"]
[WhiteFideId "16256069"]
[BlackFideId "16241177"]
[EventCountry "GER"]
[EventRounds "9"]
[EventType "swiss"]
[EventDate "2018.05.19"]

1. e4 e5 2. Nf3 Nf6 3. d3 Nc6 4. Be2 Bc5 5. Bd2 d5 6. exd5 Nxd5 7. Nc3 O-O 8.
Ne4 Be7 9. Nc3 Bf6 10. Qc1 Re8 11. Nxd5 Qxd5 12. Bg5 e4 13. dxe4 Qxe4 14. Be3
Nd4 15. Nxd4 Bxd4 16. O-O Bxe3 17. fxe3 Qxe3+ 18. Qxe3 Rxe3 19. Bc4 Be6 20.
Bxe6 Rxe6 21. Rad1 Rae8 22. Rd7 {(=)} R6e7 23. Rfd1 f6 24. R1d2 Kf7 25. Kf2 Ke6
26. R7d3 f5 27. Kf3 Kf6 28. Rb3 b6 29. Rc3 c5 30. Rcd3 g5 31. Rd6+ Re6 32. h3 {
(=)} Rxd6 33. Rxd6+ Re6 34. Rd7 Re7 35. Rd6+ Kg7 36. Rd5 Kf6 1/2-1/2

[Event "ODJM B 2018"]
[Site "Willingen GER"]
[Date "2018.05.26"]
[Round "9"]
[White "Fuchs, Florian"]
[Black "Kublanov, Elizabeth"]
[Result "1-0"]
[Termination "normal"]
[Board "31"]
[WhiteElo "1661"]
[BlackElo "1579"]
[PlyCount "73"]
[WhiteFideId "16213351"]
[BlackFideId "12944564"]
[EventCountry "GER"]
[EventRounds "9"]
[EventType "swiss"]
[EventDate "2018.05.19"]

1. d4 d5 2. Bf4 Nf6 3. e3 e6 4. Bd3 c5 5. Nd2 Nc6 6. c3 Bd7 7. Ngf3 cxd4 8.
exd4 Be7 9. Qc2 Rc8 10. Rc1 Nb4 11. Qb1 Nxd3+ 12. Qxd3 Qb6 13. Qb1 Bb5 14. h4
Ng4 15. Ne5 Nxe5 16. Bxe5 f6 17. Bg3 Ba6 18. a4 Qa5 19. Qc2 b5 20. axb5 Qxb5
21. Nf3 Bb4 22. Qd2 O-O 23. h5 e5 24. dxe5 fxe5 25. Bxe5 Rce8 26. cxb4 Rxf3 27.
gxf3 Rxe5+ 28. Kd1 Qa4+ 29. Qc2 Qxb4 30. Qc3 Qf4 31. Re1 Rxe1+ 32. Kxe1 Qh2 33.
Qc5 Qh1+ 34. Kd2 Qxf3 35. Qe3 Qf8 36. Rc6 Bb7 37. Re6 1-0

[Event "ODJM B 2018"]
[Site "Willingen GER"]
[Date "2018.05.26"]
[Round "9"]
[White "Maul, Maik"]
[Black "Stork, Christopher"]
[Result "0-1"]
[Termination "normal"]
[Board "32"]
[WhiteElo "1443"]
[BlackElo "1715"]
[PlyCount "64"]
[WhiteFideId "16204816"]
[BlackFideId "16215400"]
[EventCountry "GER"]
[EventRounds "9"]
[EventType "swiss"]
[EventDate "2018.05.19"]

1. d4 d5 2. e3 e6 3. Bd3 Nf6 4. f4 Be7 5. Nf3 O-O 6. O-O c5 7. c3 Nc6 8. Ne5
Nd7 9. Qh5 f5 10. g4 Nf6 11. Qh3 Nxe5 12. fxe5 Nxg4 13. Rf4 Nh6 14. Bd2 cxd4
15. exd4 Bg5 16. Rf2 Bxd2 17. Nxd2 Bd7 18. Kh1 Kh8 19. c4 Bc6 20. c5 Rb8 21.
Rg1 b6 22. Nf3 bxc5 23. Ng5 Qe7 24. Qg3 Rg8 25. dxc5 d4+ 26. Nf3 Bxf3+ 27. Rxf3
Rxb2 28. Bc4 Ng4 29. h3 Rh2+ 30. Qxh2 Nxh2 31. Kxh2 Qxc5 32. Bxe6 Qxe5+ 0-1

[Event "ODJM B 2018"]
[Site "Willingen GER"]
[Date "2018.05.26"]
[Round "9"]
[White "von Jan, Lena"]
[Black "Peglau, Sarah"]
[Result "1-0"]
[Termination "normal"]
[Board "33"]
[WhiteElo "1480"]
[BlackElo "1315"]
[PlyCount "103"]
[WhiteFideId "12946060"]
[BlackFideId "16219961"]
[EventCountry "GER"]
[EventRounds "9"]
[EventType "swiss"]
[EventDate "2018.05.19"]

1. e4 c6 2. d4 d5 3. exd5 cxd5 4. h3 Bf5 5. c3 e6 6. Nf3 Bd6 7. Bd3 Ne7 8. Bc2
Nbc6 9. Nbd2 O-O 10. Nf1 Qc7 11. Ne3 Bxc2 12. Qxc2 b5 13. O-O b4 14. Bd2 bxc3
15. Bxc3 Rfc8 16. Rac1 Rab8 17. Rfd1 Na5 18. Qd2 Nc4 19. Nxc4 Qxc4 20. b3 Qb5
21. Bb2 a5 22. Ba1 a4 23. bxa4 Qxa4 24. Rf1 Nc6 25. Bc3 Nb4 26. Bxb4 Bxb4 27.
Qb2 Bc3 28. Rxc3 Rd8 29. Qc2 Qa5 30. Ne5 Qb6 31. Nc6 h6 32. Nxd8 Qxd8 33. Rc1
Qd6 34. Rc8+ Rxc8 35. Qxc8+ Kh7 36. Qc2+ g6 37. Qc7 Qf8 38. a4 Kg7 39. a5 Qa3
40. Qc5 Qa4 41. Qb6 Qa3 42. Rb1 Kf6 43. a6 Qa4 44. a7 Kf5 45. Qb7 f6 46. a8=Q
Qxd4 47. Qb6 Qd3 48. Qc8 Qe4 49. Rc1 d4 50. Qb5+ Kf4 51. g3+ Kf3 52. Qbc6 1-0

[Event "ODJM B 2018"]
[Site "Willingen GER"]
[Date "2018.05.26"]
[Round "9"]
[White "Toth, Marc"]
[Black "Seinsoth, Paul"]
[Result "0-1"]
[Termination "normal"]
[Board "34"]
[WhiteElo "1434"]
[BlackElo "1482"]
[PlyCount "112"]
[WhiteFideId "16260210"]
[BlackFideId "12994634"]
[EventCountry "GER"]
[EventRounds "9"]
[EventType "swiss"]
[EventDate "2018.05.19"]

1. e4 c5 2. Nf3 Nc6 3. d4 cxd4 4. Nxd4 Nf6 5. Nc3 d6 6. Be2 e5 7. Nf3 Be7 8.
O-O O-O 9. Bg5 a6 10. Bxf6 Bxf6 11. Nd5 Be7 12. c3 Be6 13. Qd3 Bxd5 14. Qxd5
Qc7 15. Rfd1 Nb8 16. Rd2 Nd7 17. Rad1 Nf6 18. Qd3 Qc6 19. Qc2 Rad8 20. Bd3 Nd7
21. h3 Rc8 22. Re1 b5 23. Rc1 Nb6 24. b3 Rc7 25. Qb2 Rfc8 26. Rdc2 Qd7 27. Re1
Qe6 28. Rd1 Nd7 29. c4 Nc5 30. Qc3 Nxd3 31. Qxd3 bxc4 32. bxc4 Rxc4 33. Rxc4
Qxc4 34. Qb1 Qc2 35. Qxc2 Rxc2 36. a3 Kf8 37. Rb1 Rc8 38. Rb6 Ra8 39. Kf1 Ke8
40. Ke2 Ra7 41. Kd3 Kd7 42. a4 Kc7 43. Rb3 Rb7 44. Rc3+ Kd7 45. Ke3 Rb4 46. Rd3
f6 47. Ra3 Rb2 48. Nd2 d5 49. Rb3 Bc5+ 50. Ke2 Rxb3 51. Nxb3 Kc6 52. exd5+ Kxd5
53. f3 Kc4 54. Nxc5 Kxc5 55. Kd3 Kb4 56. Kc2 Kxa4 0-1